| 000 | 00754nam a22002177a 4500 | ||
|---|---|---|---|
| 999 |
_c3260 _d3260 |
||
| 003 | OSt | ||
| 005 | 20231109155104.0 | ||
| 008 | 231109b ||||| |||| 00| 0 eng d | ||
| 020 | _a9789670675381 | ||
| 040 | _cKH8 | ||
| 082 | _a400 EZA | ||
| 100 |
_aEzaty Mazlan, _eauthor. |
||
| 245 |
_aSepakat Banteras Kes Pecah Rumah / _cEzaty Mazlan. |
||
| 260 |
_aMelaka ; _bWarisan Kristal Enterprise, _c2018. |
||
| 300 |
_a24 pages : _bcolor illustrations ; _c19 cm x 26 cm. |
||
| 440 | _aSiri Info Aktiviti Tradisi | ||
| 520 | _aSiri ini memberi peluang kepada pelajar untuk mengetahui dan berkongsi pengalaman tersebut melalui cerita dalam siri ini. | ||
| 650 |
_aMalay language _vForeign language |
||
| 830 | _aSiri Info Aktiviti Tradisi | ||
| 942 |
_2ddc _cTR |
||